[Event "Bundesliga 9596"]
[Site "Deutschland"]
[Date "1995.??.??"]
[Round "?.6"]
[White "Weidemann, Joerg"]
[Black "Maus, Soenke"]
[Result "0-1"]
[WhiteElo "2310"]
[BlackElo "2425"]
[PlyCount "90"]
[EventDate "1995.10.??"]
[EventType "team"]
[EventRounds "15"]
[EventCountry "GER"]
[SourceTitle "Bundesliga 9596"]
[Source "DeepChess"]
[SourceDate "2005.01.01"]
[SourceVersion "1"]
[SourceVersionDate "2005.01.01"]
[SourceQuality "1"]
[WhiteTeam "SK Zaehringen 1921"]
[BlackTeam "Hamburger SK 1830 e.V."]
[WhiteTeamCountry "GER"]
[BlackTeamCountry "GER"]

1. e4 c5 2. c3 b6 3. d4 Bb7 4. Bd3 Nf6 5. Nd2 cxd4 6. cxd4 Nc6 7. Ne2 g6 8. O-O
Bg7 9. a3 O-O 10. f4 Rc8 11. Qe1 e6 12. b4 Ng4 13. Bb2 f5 14. Qg3 Ne7 15. e5
Nd5 16. h3 Nh6 17. b5 Nf7 18. Rfd1 Kh8 19. Nf1 Rg8 20. Rac1 Rxc1 21. Bxc1 Bf8
22. Ne3 g5 23. Nxd5 Bxd5 24. Qf2 Qc8 25. g3 Bh6 26. Kh2 gxf4 27. Nxf4 Bb7 28.
d5 Bxf4 29. Qxf4 Bxd5 30. Bxf5 exf5 31. e6 dxe6 32. Bb2+ Rg7 33. Bxg7+ Kxg7 34.
Qd4+ Kg6 35. a4 Qb8 36. Rd2 Qe5 37. Qf4 Ng5 38. Qxe5 Nf3+ 39. Kg2 Nxe5+ 40. Kf2
Kf6 41. Rd4 Nd7 42. g4 Ke5 43. Ke3 Nc5 44. gxf5 exf5 45. Rh4 Be4 0-1

[Event "Bundesliga 9596"]
[Site "Deutschland"]
[Date "1995.??.??"]
[Round "?.7"]
[White "Heinemann, Thies"]
[Black "Herbrechtsmeier, Christof"]
[Result "1-0"]
[WhiteElo "2410"]
[BlackElo "2330"]
[PlyCount "63"]
[EventDate "1995.10.??"]
[EventType "team"]
[EventRounds "15"]
[EventCountry "GER"]
[SourceTitle "Bundesliga 9596"]
[Source "DeepChess"]
[SourceDate "2005.01.01"]
[SourceVersion "1"]
[SourceVersionDate "2005.01.01"]
[SourceQuality "1"]
[WhiteTeam "Hamburger SK 1830 e.V."]
[BlackTeam "SK Zaehringen 1921"]
[WhiteTeamCountry "GER"]
[BlackTeamCountry "GER"]

1. e4 e5 2. Bc4 Nf6 3. d3 c6 4. Nf3 d5 5. Bb3 a5 6. a4 Bd6 7. Nc3 d4 8. Ne2 Na6
9. c3 dxc3 10. bxc3 O-O 11. O-O h6 12. Ne1 Nc5 13. Bc2 Ne6 14. d4 Nd7 15. f4
exf4 16. e5 Be7 17. Qd3 g6 18. Nxf4 Nxf4 19. Bxf4 Bg5 20. e6 Nb6 21. Bxg5 Qxg5
22. exf7+ Rxf7 23. Rxf7 Kxf7 24. Nf3 Qh5 25. Ne5+ Kg7 26. Nxg6 Nd5 27. Rf1 Qg5
28. Ne5 Qe3+ 29. Qxe3 Nxe3 30. Rf7+ Kh8 31. Bh7 Be6 32. Ng6# 1-0

[Event "Bundesliga 9596"]
[Site "Deutschland"]
[Date "1995.??.??"]
[Round "?.1"]
[White "Wahls, Matthias"]
[Black "Van der Sterren, Paul"]
[Result "1/2-1/2"]
[WhiteElo "2550"]
[BlackElo "2545"]
[PlyCount "82"]
[EventDate "1995.10.??"]
[EventType "team"]
[EventRounds "15"]
[EventCountry "GER"]
[SourceTitle "Bundesliga 9596"]
[Source "DeepChess"]
[SourceDate "2005.01.01"]
[SourceVersion "1"]
[SourceVersionDate "2005.01.01"]
[SourceQuality "1"]
[WhiteTeam "Hamburger SK 1830 e.V."]
[BlackTeam "SV Castrop Rauxel 1923"]
[WhiteTeamCountry "GER"]
[BlackTeamCountry "GER"]

1. e4 e5 2. Nf3 Nc6 3. Bb5 a6 4. Ba4 Nf6 5. O-O Be7 6. Re1 b5 7. Bb3 d6 8. c3
O-O 9. h3 Nb8 10. d4 Nbd7 11. Nbd2 Bb7 12. Bc2 Re8 13. a4 Bf8 14. Bd3 c6 15. b3
g6 16. Qc2 Nh5 17. Bb2 Nf4 18. Bf1 Ne6 19. Rad1 Qc7 20. Qb1 Rab8 21. Qa2 Ba8
22. Ba1 exd4 23. Nxd4 c5 24. Nxe6 fxe6 25. c4 b4 26. f4 e5 27. g3 Nf6 28. fxe5
dxe5 29. Bg2 Bh6 30. Nf1 Nh5 31. Bf3 Ng7 32. Bg4 Ne6 33. Bxe6+ Rxe6 34. Ne3
Bxe3+ 35. Rxe3 Rd8 36. Rf1 Qe7 37. Qf2 Red6 38. Rf3 Rd2 39. Qe3 Rd1 40. Bb2
Rxf1+ 41. Rxf1 Rf8 1/2-1/2

[Event "Bundesliga 9596"]
[Site "Deutschland"]
[Date "1995.??.??"]
[Round "?.2"]
[White "Hoffmann, Michael"]
[Black "Ftacnik, Lubomir"]
[Result "1/2-1/2"]
[WhiteElo "2485"]
[BlackElo "2580"]
[PlyCount "89"]
[EventDate "1995.10.??"]
[EventType "team"]
[EventRounds "15"]
[EventCountry "GER"]
[SourceTitle "Bundesliga 9596"]
[Source "DeepChess"]
[SourceDate "2005.01.01"]
[SourceVersion "1"]
[SourceVersionDate "2005.01.01"]
[SourceQuality "1"]
[WhiteTeam "SV Castrop Rauxel 1923"]
[BlackTeam "Hamburger SK 1830 e.V."]
[WhiteTeamCountry "GER"]
[BlackTeamCountry "GER"]

1. d4 Nf6 2. c4 g6 3. Nc3 d5 4. Bf4 Bg7 5. e3 c6 6. Nf3 Qa5 7. a3 Ne4 8. b4
Nxc3 9. Qb3 Qd8 10. Qxc3 O-O 11. h3 Bf5 12. Be2 Nd7 13. O-O dxc4 14. Qxc4 a5
15. b5 Nb6 16. Qb3 Qd5 17. Qxd5 Nxd5 18. bxc6 Nxf4 19. exf4 bxc6 20. Rfc1 Be4
21. Ne5 Rfd8 22. Nxc6 Bxc6 23. Rxc6 Rxd4 24. Rac1 Rxf4 25. Rc8+ Rxc8 26. Rxc8+
Bf8 27. Bb5 e6 28. g3 Rf5 29. a4 Kg7 30. Kg2 h5 31. h4 g5 32. hxg5 Rxg5 33. Rc7
Rf5 34. Bd3 Rf6 35. Be2 Rf5 36. Bd3 Re5 37. Rb7 Bb4 38. Rb5 Rxb5 39. Bxb5 e5
40. Bd3 Bd6 41. Kh3 Kh6 42. g4 Kg5 43. gxh5 Kxh5 44. f4 exf4 45. Be2+ 1/2-1/2

[Event "Bundesliga 9596"]
[Site "Deutschland"]
[Date "1995.??.??"]
[Round "?.3"]
[White "Movsziszian, Karen"]
[Black "Watson, William N"]
[Result "0-1"]
[WhiteElo "2440"]
[BlackElo "2530"]
[PlyCount "55"]
[EventDate "1995.10.??"]
[EventType "team"]
[EventRounds "15"]
[EventCountry "GER"]
[SourceTitle "Bundesliga 9596"]
[Source "DeepChess"]
[SourceDate "2005.01.01"]
[SourceVersion "1"]
[SourceVersionDate "2005.01.01"]
[SourceQuality "1"]
[WhiteTeam "Hamburger SK 1830 e.V."]
[BlackTeam "SV Castrop Rauxel 1923"]
[WhiteTeamCountry "GER"]
[BlackTeamCountry "GER"]

1. d4 Nf6 2. c4 g6 3. Nc3 Bg7 4. e4 O-O 5. f3 c5 6. dxc5 b6 7. cxb6 Qxb6 8. Na4
Qc7 9. Be3 d6 10. Bd3 Nc6 11. Rc1 Ne5 12. b3 Qa5+ 13. Nc3 e6 14. Nge2 d5 15.
O-O Ba6 16. f4 Nxd3 17. Qxd3 Rfd8 18. Bd4 Rac8 19. Qb1 dxc4 20. b4 Qc7 21. h3
Rd7 22. b5 Bb7 23. e5 Rxd4 24. Nxd4 Qb6 25. Rfd1 Nd5 26. Nxd5 Bxd5 27. Kh2 Bh6
28. g3 0-1

[Event "Bundesliga 9596"]
[Site "Deutschland"]
[Date "1995.??.??"]
[Round "?.4"]
[White "Libeau, Rene"]
[Black "Mueller, Karsten"]
[Result "1-0"]
[WhiteElo "2460"]
[BlackElo "2480"]
[PlyCount "115"]
[EventDate "1995.10.??"]
[EventType "team"]
[EventRounds "15"]
[EventCountry "GER"]
[SourceTitle "Bundesliga 9596"]
[Source "DeepChess"]
[SourceDate "2005.01.01"]
[SourceVersion "1"]
[SourceVersionDate "2005.01.01"]
[SourceQuality "1"]
[WhiteTeam "SV Castrop Rauxel 1923"]
[BlackTeam "Hamburger SK 1830 e.V."]
[WhiteTeamCountry "GER"]
[BlackTeamCountry "GER"]

1. Nf3 d5 2. c4 c6 3. d4 Nf6 4. Nc3 e6 5. cxd5 cxd5 6. Bf4 Bd6 7. e3 Nc6 8. Bd3
O-O 9. O-O a6 10. Rc1 h6 11. Bb1 b6 12. Nxd5 exd5 13. Rxc6 Bxf4 14. exf4 Bd7
15. Rc1 Bg4 16. h3 Bxf3 17. Qxf3 Qd6 18. a3 Rfe8 19. Rfe1 Rxe1+ 20. Rxe1 Rc8
21. Bd3 a5 22. Re5 Kf8 23. g4 Rd8 24. g5 Ng8 25. h4 Ne7 26. Re1 Qd7 27. f5 Ng8
28. Re6 Qc7 29. Re1 Qd7 30. Qf4 Qd6 31. Qe3 Qd7 32. Qf4 Qd6 33. Qd2 hxg5 34.
hxg5 Re8 35. Rc1 Ne7 36. Kg2 f6 37. g6 Rc8 38. Rh1 Ng8 39. Bb5 Rc7 40. Kf3 Nh6
41. Re1 Re7 42. Qc1 Qd8 43. Rxe7 Kxe7 44. Qe3+ Kd6 45. Qe6+ Kc7 46. Qc6+ Kb8
47. Ba6 Qc7 48. Qxd5 Ka7 49. Bb5 Qc1 50. Qd7+ Kb8 51. Qd8+ Kb7 52. Qe7+ Kb8 53.
Qf8+ Qc8 54. Qxc8+ Kxc8 55. Bc4 Kc7 56. Kf4 Kd6 57. f3 Kc6 58. Ke4 1-0

[Event "Bundesliga 9596"]
[Site "Deutschland"]
[Date "1995.??.??"]
[Round "?.5"]
[White "Michaelsen, Nils"]
[Black "Appel, Ralf"]
[Result "0-1"]
[WhiteElo "2425"]
[BlackElo "2430"]
[PlyCount "54"]
[EventDate "1995.10.??"]
[EventType "team"]
[EventRounds "15"]
[EventCountry "GER"]
[SourceTitle "Bundesliga 9596"]
[Source "DeepChess"]
[SourceDate "2005.01.01"]
[SourceVersion "1"]
[SourceVersionDate "2005.01.01"]
[SourceQuality "1"]
[WhiteTeam "Hamburger SK 1830 e.V."]
[BlackTeam "SV Castrop Rauxel 1923"]
[WhiteTeamCountry "GER"]
[BlackTeamCountry "GER"]

1. d4 Nf6 2. c4 d6 3. Nc3 e5 4. Nf3 exd4 5. Nxd4 g6 6. e4 Bg7 7. Be2 O-O 8. O-O
Re8 9. f3 Nc6 10. Be3 Nh5 11. Nxc6 bxc6 12. Qd2 Be6 13. Rac1 c5 14. b3 f5 15.
exf5 Bxf5 16. Nd5 c6 17. Bg5 Rxe2 18. Qxe2 Qxg5 19. Qe7 Bd4+ 20. Kh1 Qh6 21.
Qxd6 cxd5 22. g4 Nf4 23. gxf5 Qg5 24. Rc2 Qxf5 25. Rd2 Be3 26. Rb2 Qd3 27. Re1
Bd2 0-1

[Event "Bundesliga 9596"]
[Site "Deutschland"]
[Date "1995.??.??"]
[Round "?.6"]
[White "Sehner, Norbert"]
[Black "Loeffler, Stefan"]
[Result "0-1"]
[WhiteElo "2420"]
[BlackElo "2415"]
[PlyCount "78"]
[EventDate "1995.10.??"]
[EventType "team"]
[EventRounds "15"]
[EventCountry "GER"]
[SourceTitle "Bundesliga 9596"]
[Source "DeepChess"]
[SourceDate "2005.01.01"]
[SourceVersion "1"]
[SourceVersionDate "2005.01.01"]
[SourceQuality "1"]
[WhiteTeam "SV Castrop Rauxel 1923"]
[BlackTeam "Hamburger SK 1830 e.V."]
[WhiteTeamCountry "GER"]
[BlackTeamCountry "GER"]

1. c4 c5 2. g3 g6 3. Bg2 Bg7 4. Nc3 Nc6 5. d3 b6 6. e4 Bb7 7. Be3 Nf6 8. h3 O-O
9. Nge2 e6 10. Qd2 Qc8 11. Rc1 d5 12. cxd5 exd5 13. exd5 Nb4 14. O-O Nfxd5 15.
Nxd5 Bxd5 16. a3 Bxg2 17. Kxg2 Qb7+ 18. Kh2 Nc6 19. b4 Ne5 20. Ng1 Rfd8 21.
bxc5 bxc5 22. Bg5 Rxd3 23. Qa5 Rd5 24. Be3 c4 25. Qa4 Qb3 26. Qa6 c3 27. Bf4
Qb6 28. Qxb6 axb6 29. Rxc3 Ng4+ 30. hxg4 Bxc3 31. Rb1 Bd4 32. Rd1 Raa5 33. Kg2
Be5 34. Rc1 Bxf4 35. Rc8+ Kg7 36. gxf4 Rxa3 37. Rb8 Rb5 38. Nf3 Rd3 39. Kg3
Rbb3 0-1

[Event "Bundesliga 9596"]
[Site "Deutschland"]
[Date "1995.??.??"]
[Round "?.7"]
[White "Heinemann, Thies"]
[Black "Dinstuhl, Volkmar"]
[Result "1/2-1/2"]
[WhiteElo "2410"]
[BlackElo "2355"]
[PlyCount "87"]
[EventDate "1995.10.??"]
[EventType "team"]
[EventRounds "15"]
[EventCountry "GER"]
[SourceTitle "Bundesliga 9596"]
[Source "DeepChess"]
[SourceDate "2005.01.01"]
[SourceVersion "1"]
[SourceVersionDate "2005.01.01"]
[SourceQuality "1"]
[WhiteTeam "Hamburger SK 1830 e.V."]
[BlackTeam "SV Castrop Rauxel 1923"]
[WhiteTeamCountry "GER"]
[BlackTeamCountry "GER"]

1. e4 c5 2. Nf3 d6 3. Bb5+ Nd7 4. d4 Ngf6 5. Nc3 cxd4 6. Qxd4 e5 7. Qd3 h6 8.
Nd2 Be7 9. Nc4 O-O 10. Bxd7 Bxd7 11. Ne3 Rc8 12. O-O Be6 13. b3 Qa5 14. Bb2
Rfd8 15. Rfd1 a6 16. a4 Qc5 17. a5 Ng4 18. b4 Qc6 19. Ncd5 Kf8 20. c3 Nxe3 21.
Nxe3 Bg5 22. Nd5 Bxd5 23. Qxd5 Qxd5 24. Rxd5 Rc4 25. f3 Ke7 26. Kf2 Ke6 27. Ke2
f5 28. Kd3 Rdc8 29. Rd1 Be7 30. g3 g6 31. h4 h5 32. Ke3 fxe4 33. fxe4 Bf8 34.
R5d3 R8c7 35. Rd5 Rf7 36. Kd3 Rc8 37. Ke2 Rc4 38. Kd3 Rc8 39. Ke2 Rc6 40. Rg1
Be7 41. Rg2 Rc4 42. Kd3 Rc8 43. Ke2 Rc4 44. Kd3 1/2-1/2

[Event "Bundesliga 9596"]
[Site "Deutschland"]
[Date "1995.??.??"]
[Round "?.8"]
[White "Hennig, Dirk"]
[Black "Sievers, Stefan"]
[Result "1-0"]
[WhiteElo "2365"]
[BlackElo "2375"]
[PlyCount "99"]
[EventDate "1995.10.??"]
[EventType "team"]
[EventRounds "15"]
[EventCountry "GER"]
[SourceTitle "Bundesliga 9596"]
[Source "DeepChess"]
[SourceDate "2005.01.01"]
[SourceVersion "1"]
[SourceVersionDate "2005.01.01"]
[SourceQuality "1"]
[WhiteTeam "SV Castrop Rauxel 1923"]
[BlackTeam "Hamburger SK 1830 e.V."]
[WhiteTeamCountry "GER"]
[BlackTeamCountry "GER"]

1. d4 e6 2. Nf3 c5 3. g3 b5 4. Bg2 Bb7 5. O-O Nf6 6. Na3 Qb6 7. c4 b4 8. Nc2 d6
9. b3 Be7 10. Bb2 O-O 11. Ne3 Be4 12. d5 e5 13. Bh3 Bxf3 14. exf3 g6 15. f4
exf4 16. gxf4 Qd8 17. f5 Ne4 18. Ng4 Nc3 19. Qc2 Bf6 20. Nxf6+ Qxf6 21. Rae1 g5
22. Kh1 Nd7 23. Rg1 Rae8 24. Qc1 Kh8 25. Re3 h6 26. Rge1 Rxe3 27. Rxe3 Ne5 28.
Qc2 g4 29. Bg2 Rg8 30. Be4 Rg5 31. Bxc3 bxc3 32. Qxc3 Rh5 33. Rg3 Rg5 34. b4
cxb4 35. Qxb4 Nf3 36. h3 h5 37. Bxf3 gxf3 38. Rxg5 Qxg5 39. Qc3+ f6 40. Qxf3
Qc1+ 41. Kh2 Kg7 42. Qg3+ Kf7 43. Qxd6 Qxc4 44. Qe6+ Kg7 45. Qe7+ Kg8 46. Qe8+
Kg7 47. Qg6+ Kf8 48. Qxf6+ Kg8 49. Qg5+ Kf8 50. f6 1-0

[Event "Bundesliga 9596"]
[Site "Deutschland"]
[Date "1996.??.??"]
[Round "?.1"]
[White "Lobron, Eric"]
[Black "Wahls, Matthias"]
[Result "1/2-1/2"]
[WhiteElo "2590"]
[BlackElo "2555"]
[PlyCount "127"]
[EventDate "1995.10.??"]
[EventType "team"]
[EventRounds "15"]
[EventCountry "GER"]
[SourceTitle "Bundesliga 9596"]
[Source "DeepChess"]
[SourceDate "2005.01.01"]
[SourceVersion "1"]
[SourceVersionDate "2005.01.01"]
[SourceQuality "1"]
[WhiteTeam "SV Empor Berlin e.V."]
[BlackTeam "Hamburger SK 1830 e.V."]
[WhiteTeamCountry "GER"]
[BlackTeamCountry "GER"]

1. d4 Nf6 2. Nf3 e6 3. c4 Bb4+ 4. Nbd2 O-O 5. a3 Be7 6. e3 b6 7. Bd3 c5 8. d5
exd5 9. cxd5 Ba6 10. Bxa6 Nxa6 11. e4 d6 12. O-O Qd7 13. Re1 Rae8 14. b3 Nc7
15. Bb2 Ng4 16. h3 Bf6 17. Ra2 Bxb2 18. Rxb2 Nf6 19. Re3 g6 20. b4 cxb4 21.
Rxb4 Na6 22. Rd4 Qc7 23. Qe2 Nc5 24. e5 dxe5 25. Nxe5 Ncd7 26. Nxd7 Qxd7 27. d6
Rxe3 28. Qxe3 Re8 29. Qf4 Qe6 30. Nf3 Nd7 31. Qc1 Nc5 32. Qh6 Qd7 33. Ng5 f6
34. Nf3 Re6 35. Qf4 Nb7 36. Nd2 b5 37. Ne4 f5 38. Ng5 Rxd6 39. Rxd6 Qxd6 40.
Qe3 Qd1+ 41. Kh2 Qd6+ 42. g3 Nc5 43. Qe8+ Qf8 44. Qxb5 h6 45. Qc4+ Kh8 46. Nf7+
Kh7 47. Ne5 Ne4 48. Kg2 Qe7 49. Nc6 Qb7 50. a4 a6 51. a5 h5 52. h4 Qb2 53. Qd4
Qxd4 54. Nxd4 Kg7 55. Kf3 Kf6 56. Ke3 Nc5 57. Nc6 g5 58. Kd4 Nb3+ 59. Kc3 Nxa5
60. Nxa5 f4 61. Nc4 fxg3 62. fxg3 gxh4 63. gxh4 Kf5 64. Nd6+ 1/2-1/2

[Event "Bundesliga 9596"]
[Site "Deutschland"]
[Date "1996.??.??"]
[Round "?.2"]
[White "Ftacnik, Lubomir"]
[Black "Boensch, Uwe"]
[Result "0-1"]
[WhiteElo "2585"]
[BlackElo "2550"]
[PlyCount "98"]
[EventDate "1995.10.??"]
[EventType "team"]
[EventRounds "15"]
[EventCountry "GER"]
[SourceTitle "Bundesliga 9596"]
[Source "DeepChess"]
[SourceDate "2005.01.01"]
[SourceVersion "1"]
[SourceVersionDate "2005.01.01"]
[SourceQuality "1"]
[WhiteTeam "Hamburger SK 1830 e.V."]
[BlackTeam "SV Empor Berlin e.V."]
[WhiteTeamCountry "GER"]
[BlackTeamCountry "GER"]

1. d4 Nf6 2. Nf3 e6 3. c4 d5 4. Nc3 Be7 5. Bg5 h6 6. Bh4 O-O 7. e3 Ne4 8. Bxe7
Qxe7 9. Nxe4 dxe4 10. Nd2 e5 11. dxe5 Qxe5 12. Qc2 Bf5 13. c5 Nd7 14. Rc1 b6
15. b4 a5 16. Nc4 Qe7 17. bxa5 Qxc5 18. Be2 Qb4+ 19. Qc3 Qxc3+ 20. Rxc3 b5 21.
Nd2 Rxa5 22. Nb3 Rxa2 23. Bxb5 Rb8 24. Nc1 Ra1 25. Bxd7 Bxd7 26. Rxc7 Bb5 27.
f3 Bd3 28. Kf2 Rb2+ 29. Kg3 Ra6 30. Nxd3 exd3 31. Rd1 Rg6+ 32. Kf4 Rbxg2 33.
Rxd3 Rf6+ 34. Ke4 Rxh2 35. f4 g6 36. Re7 Rh3 37. Rd8+ Kg7 38. Ree8 Ra6 39. Rb8
h5 40. Rg8+ Kf6 41. Rge8 Rg3 42. Rb7 Kg7 43. Rbb8 h4 44. Rh8 Ra4+ 45. Kd5 Rxe3
46. Rxh4 Ree4 47. Rbh8 Rxf4 48. R4h7+ Kf6 49. Rf8 Ke7 0-1

[Event "Bundesliga 9596"]
[Site "Deutschland"]
[Date "1996.??.??"]
[Round "?.3"]
[White "Tischbierek, Raj"]
[Black "Movsziszian, Karen"]
[Result "1/2-1/2"]
[WhiteElo "2490"]
[BlackElo "2450"]
[PlyCount "60"]
[EventDate "1995.10.??"]
[EventType "team"]
[EventRounds "15"]
[EventCountry "GER"]
[SourceTitle "Bundesliga 9596"]
[Source "DeepChess"]
[SourceDate "2005.01.01"]
[SourceVersion "1"]
[SourceVersionDate "2005.01.01"]
[SourceQuality "1"]
[WhiteTeam "SV Empor Berlin e.V."]
[BlackTeam "Hamburger SK 1830 e.V."]
[WhiteTeamCountry "GER"]
[BlackTeamCountry "GER"]

1. e4 g6 2. d4 Bg7 3. Nf3 d6 4. c3 Nf6 5. Bd3 O-O 6. O-O c5 7. h3 cxd4 8. cxd4
Nc6 9. Nc3 e5 10. dxe5 dxe5 11. Be3 b6 12. Bb5 Bb7 13. Qa4 Nd4 14. Nxd4 exd4
15. Bxd4 a6 16. Be2 b5 17. Bxf6 Bxf6 18. Qb4 Qd2 19. Rfe1 Rfe8 20. Bf3 Rac8 21.
Rad1 Bxc3 22. bxc3 Qxc3 23. Qd6 Qa5 24. Qd7 Bc6 25. Qd6 Re6 26. Qd4 Rce8 27.
Re3 Qxa2 28. Ra1 Qc4 29. Qxc4 bxc4 30. Rxa6 Bb7 1/2-1/2

[Event "Bundesliga 9596"]
[Site "Deutschland"]
[Date "1996.??.??"]
[Round "?.4"]
[White "Mueller, Karsten"]
[Black "Volke, Karsten"]
[Result "1-0"]
[WhiteElo "2485"]
[BlackElo "2470"]
[PlyCount "93"]
[EventDate "1995.10.??"]
[EventType "team"]
[EventRounds "15"]
[EventCountry "GER"]
[SourceTitle "Bundesliga 9596"]
[Source "DeepChess"]
[SourceDate "2005.01.01"]
[SourceVersion "1"]
[SourceVersionDate "2005.01.01"]
[SourceQuality "1"]
[WhiteTeam "Hamburger SK 1830 e.V."]
[BlackTeam "SV Empor Berlin e.V."]
[WhiteTeamCountry "GER"]
[BlackTeamCountry "GER"]

1. e4 c5 2. Nf3 e6 3. d4 cxd4 4. Nxd4 Nf6 5. Bd3 Nc6 6. Nxc6 dxc6 7. O-O e5 8.
Nd2 Bg4 9. Qe1 Bb4 10. a3 Ba5 11. b4 Bc7 12. Nc4 O-O 13. Bg5 h6 14. Bh4 g5 15.
Bg3 Qe7 16. Qc3 Rfe8 17. Rae1 Nh5 18. Be2 Bxe2 19. Rxe2 Ng7 20. Rd2 f6 21. Rfd1
Red8 22. f3 Rxd2 23. Rxd2 Rd8 24. Bf2 Rxd2 25. Qxd2 Qe6 26. Qd3 a6 27. Bb6
Bxb6+ 28. Nxb6 g4 29. fxg4 Qxg4 30. Nd7 Kf7 31. Nc5 f5 32. Nxb7 fxe4 33. Nd6+
Ke6 34. Nxe4 Nf5 35. Nc5+ Kf6 36. Ne4+ Ke7 37. c3 Qf4 38. g3 Qc1+ 39. Kg2 Qxa3
40. Nc5 Nd6 41. Qd2 e4 42. Qxh6 Qa2+ 43. Kh3 Qc4 44. Qg5+ Kf8 45. Qd8+ Ne8 46.
Nd7+ Kg7 47. Qxe8 1-0

[Event "Bundesliga 9596"]
[Site "Deutschland"]
[Date "1996.??.??"]
[Round "?.5"]
[White "Muse, Mladen"]
[Black "Michaelsen, Nils"]
[Result "1/2-1/2"]
[WhiteElo "2420"]
[BlackElo "2435"]
[PlyCount "32"]
[EventDate "1995.10.??"]
[EventType "team"]
[EventRounds "15"]
[EventCountry "GER"]
[SourceTitle "Bundesliga 9596"]
[Source "DeepChess"]
[SourceDate "2005.01.01"]
[SourceVersion "1"]
[SourceVersionDate "2005.01.01"]
[SourceQuality "1"]
[WhiteTeam "SV Empor Berlin e.V."]
[BlackTeam "Hamburger SK 1830 e.V."]
[WhiteTeamCountry "GER"]
[BlackTeamCountry "GER"]

1. d4 d5 2. c4 e6 3. Nf3 c5 4. cxd5 exd5 5. Nc3 Nc6 6. Bg5 f6 7. Bf4 g5 8. Be3
g4 9. Ng1 Nge7 10. dxc5 d4 11. Ne4 Ng6 12. Bd2 f5 13. Bg5 Qa5+ 14. Bd2 Qd8 15.
Bg5 Qa5+ 16. Bd2 Qd8 1/2-1/2

[Event "Bundesliga 9596"]
[Site "Deutschland"]
[Date "1996.??.??"]
[Round "?.7"]
[White "Poldauf, Dirk"]
[Black "Wegner, Hannu"]
[Result "1/2-1/2"]
[WhiteElo "2430"]
[BlackElo "2355"]
[PlyCount "62"]
[EventDate "1995.10.??"]
[EventType "team"]
[EventRounds "15"]
[EventCountry "GER"]
[SourceTitle "Bundesliga 9596"]
[Source "DeepChess"]
[SourceDate "2005.01.01"]
[SourceVersion "1"]
[SourceVersionDate "2005.01.01"]
[SourceQuality "1"]
[WhiteTeam "SV Empor Berlin e.V."]
[BlackTeam "Hamburger SK 1830 e.V."]
[WhiteTeamCountry "GER"]
[BlackTeamCountry "GER"]

1. c4 c5 2. g3 Nf6 3. Bg2 d5 4. cxd5 Nxd5 5. Nc3 Nc7 6. Qb3 Nd7 7. Nf3 e5 8.
O-O Be7 9. e3 Ne6 10. Bh3 O-O 11. Bxe6 fxe6 12. Qxe6+ Kh8 13. Nxe5 Nxe5 14.
Qxe5 Bh3 15. Re1 Bd6 16. Qd5 Qe7 17. b3 Be5 18. Ba3 Rad8 19. Qxc5 Qf7 20. f4
Bd6 21. Qa5 b6 22. Qa6 Bxa3 23. Qxa3 Rxd2 24. Ne4 Rg2+ 25. Kh1 h6 26. Rad1 Rc2
27. Kg1 Rg2+ 28. Kh1 Rc2 29. Kg1 Rg2+ 30. Kh1 Rc2 31. Kg1 Rg2+ 1/2-1/2

[Event "Bundesliga 9596"]
[Site "Deutschland"]
[Date "1996.??.??"]
[Round "?.8"]
[White "Sievers, Stefan"]
[Black "Kovalev, Andrei"]
[Result "1-0"]
[WhiteElo "2375"]
[BlackElo "2495"]
[PlyCount "91"]
[EventDate "1995.10.??"]
[EventType "team"]
[EventRounds "15"]
[EventCountry "GER"]
[SourceTitle "Bundesliga 9596"]
[Source "DeepChess"]
[SourceDate "2005.01.01"]
[SourceVersion "1"]
[SourceVersionDate "2005.01.01"]
[SourceQuality "1"]
[WhiteTeam "Hamburger SK 1830 e.V."]
[BlackTeam "SV Empor Berlin e.V."]
[WhiteTeamCountry "GER"]
[BlackTeamCountry "GER"]

1. e4 c5 2. Nf3 d6 3. d4 cxd4 4. Nxd4 Nf6 5. f3 a6 6. c4 e6 7. Nc3 Be7 8. Be3
O-O 9. Nc2 Nbd7 10. Be2 Qc7 11. O-O Ne5 12. Qd4 Bd7 13. Rac1 Rac8 14. Na3 Rfd8
15. Rfd1 Be8 16. Kh1 Bf8 17. Bg5 Be7 18. Be3 h6 19. Qd2 Bf8 20. Qd4 Qe7 21. Qd2
Ng6 22. Bb6 Rd7 23. f4 d5 24. cxd5 exd5 25. Nxd5 Nxd5 26. exd5 Rxc1 27. Rxc1
Qe4 28. Bf3 Qxf4 29. Qxf4 Nxf4 30. Re1 Re7 31. Rxe7 Bxe7 32. Nc4 Bb5 33. b3
Bxc4 34. bxc4 Nd3 35. Bc7 Bc5 36. g3 b6 37. d6 Ne5 38. Bb7 b5 39. cxb5 axb5 40.
Ba6 b4 41. Bb5 f5 42. d7 Nxd7 43. Bxd7 g6 44. Be8 Kh7 45. Be5 g5 46. h3 1-0

[Event "Bundesliga 9596"]
[Site "Deutschland"]
[Date "1995.??.??"]
[Round "?.1"]
[White "Horvath, Tamas"]
[Black "Wahls, Matthias"]
[Result "0-1"]
[WhiteElo "2425"]
[BlackElo "2550"]
[PlyCount "82"]
[EventDate "1995.10.??"]
[EventType "team"]
[EventRounds "15"]
[EventCountry "GER"]
[SourceTitle "Bundesliga 9596"]
[Source "DeepChess"]
[SourceDate "2005.01.01"]
[SourceVersion "1"]
[SourceVersionDate "2005.01.01"]
[SourceQuality "1"]
[WhiteTeam "SV Tuebingen 1870 e.V."]
[BlackTeam "Hamburger SK 1830 e.V."]
[WhiteTeamCountry "GER"]
[BlackTeamCountry "GER"]

1. e4 c5 2. Nf3 d6 3. d4 cxd4 4. Nxd4 Nf6 5. Nc3 a6 6. g3 e5 7. Nb3 Be7 8. Bg2
Nbd7 9. a4 b6 10. O-O Bb7 11. Qe2 Rc8 12. Rd1 O-O 13. Bd2 Rc7 14. Nc1 Qa8 15.
N1a2 Rfc8 16. Re1 Rc4 17. Rac1 h6 18. h3 Nf8 19. b3 R4c7 20. Qd3 Ne6 21. f3 Nc5
22. Qe2 d5 23. exd5 Nxd5 24. Nxd5 Bxd5 25. Nb4 Bb7 26. Qxe5 a5 27. Nd3 Bxf3 28.
Bxf3 Qxf3 29. Qf4 Qd5 30. Qe5 Qd7 31. Kh2 Nxd3 32. cxd3 Qxd3 33. Rxc7 Rxc7 34.
Re2 Bd6 35. Qe3 Qxe3 36. Bxe3 Rc3 37. Bf2 Rxb3 38. Rc2 Kh7 39. Rd2 Be5 40. Rd5
f6 41. Rd7 Rb4 0-1